000 00647pam a2200229 a 4500
020 _a0521246539
020 _a0521288789 (pbk.)
040 _cDLC
082 0 0 _a596 CAM 1982 A081 Or.
100 1 _aBentley, P. J.
245 1 0 _aComparative vertebrate endocrinology /
250 _a2nd ed.
260 _aCambridge [Cambridgeshire] ;
_aNew York :
_bCambridge University Press,
_c1982.
300 _axv, 485 p. :
_bill. ;
_c24 cm.
500 _aIncludes index.
650 0 _aVertebrates
650 0 _aEndocrinology, Comparative.
650 2 _aEndocrine glands
650 2 _aPhysiology, Comparative.
650 2 _aVertebrates
942 _cEK
999 _c15951
_d15951